| 000 | 00410nam a2200145Ia 4500 | ||
|---|---|---|---|
| 008 | 231217s9999 xx 000 0 und d | ||
| 041 | _aEnglish | ||
| 082 | _a158.3 HAS;3 | ||
| 100 | _aHashem, Abul | ||
| 245 | 0 | _aInterview Manual : interview techniques and model interviews | |
| 260 |
_bRamesh Pub _aNew Delhi |
||
| 300 | _avii+272 | ||
| 650 | _aInterview,:,interview,techniques,interviews | ||
| 942 | _cAA | ||
| 999 |
_c174978 _d174978 |
||